Statistics for Latin/Greek Knowledge Quiz #1

Click here to take the quiz!

General Stats

  • This quiz has been taken 34 times
  • The average score is 8 of 10

Answer Stats

HintAnswer% Correct
CanisLatinDog
100%
EquusLatinHorse
100%
LeonGreekLion
100%
PorcusLatinPig
90%
FelesLatinCat
81%
AvisLatinBird
77%
Ornis/ornithosGreekBird
71%
HipposGreekHorse
68%
CaballusLatinHorse
58%
Grex/gregisLatinFlock
6%

Score Distribution

Percentile by Number Answered

Percent of People with Each Score

Your Score History

You have not taken this quiz